International Joint Conference CISIS’12-ICEUTE´12-SOCO´12 Special Sessions

This volume of Advances in Intelligent and Soft Computing contains accepted papers presented at CISIS 2012 and ICEUTE 2012, both conferences held in the beautiful and historic city of Ostrava (Czech Republic), in September 2012. CISIS aims to offer a meeting opportunity for academic and industry-rel...

Full description

Bibliographic Details
Corporate Author: SpringerLink (Online service)
Other Authors: Herrero, Álvaro (Editor), Snášel, Václav (Editor), Abraham, Ajith (Editor), Zelinka, Ivan (Editor), Baruque, Bruno (Editor), Quintián, Héctor (Editor), Calvo, José Luis (Editor), Sedano, Javier (Editor), Corchado, Emilio (Editor)
Format: Electronic eBook
Language:English
Published: Berlin, Heidelberg : Springer Berlin Heidelberg : Imprint: Springer, 2013.
Series:Advances in Intelligent Systems and Computing, 189
Subjects:
Online Access:Full Text via HEAL-Link
LEADER 03695nam a22005535i 4500
001 978-3-642-33018-6
003 DE-He213
005 20151030101756.0
007 cr nn 008mamaa
008 120823s2013 gw | s |||| 0|eng d
020 |a 9783642330186  |9 978-3-642-33018-6 
024 7 |a 10.1007/978-3-642-33018-6  |2 doi 
040 |d GrThAP 
050 4 |a Q342 
072 7 |a UYQ  |2 bicssc 
072 7 |a COM004000  |2 bisacsh 
082 0 4 |a 006.3  |2 23 
245 1 0 |a International Joint Conference CISIS’12-ICEUTE´12-SOCO´12 Special Sessions  |h [electronic resource] /  |c edited by Álvaro Herrero, Václav Snášel, Ajith Abraham, Ivan Zelinka, Bruno Baruque, Héctor Quintián, José Luis Calvo, Javier Sedano, Emilio Corchado. 
264 1 |a Berlin, Heidelberg :  |b Springer Berlin Heidelberg :  |b Imprint: Springer,  |c 2013. 
300 |a XXVIII, 545 p. 220 illus.  |b online resource. 
336 |a text  |b txt  |2 rdacontent 
337 |a computer  |b c  |2 rdamedia 
338 |a online resource  |b cr  |2 rdacarrier 
347 |a text file  |b PDF  |2 rda 
490 1 |a Advances in Intelligent Systems and Computing,  |x 2194-5357 ;  |v 189 
505 0 |a Applications of Intelligent Methods for Security -- Infrastructure and Network Security -- Intelligent Network Security and Survivability -- Text Processing Applications to Secure and Intelligent Systems -- Soft Computing Models for Biomedical Signals and Data Processing. 
520 |a This volume of Advances in Intelligent and Soft Computing contains accepted papers presented at CISIS 2012 and ICEUTE 2012, both conferences held in the beautiful and historic city of Ostrava (Czech Republic), in September 2012. CISIS aims to offer a meeting opportunity for academic and industry-related researchers belonging to the various, vast communities of Computational Intelligence, Information Security, and Data Mining. The need for intelligent, flexible behaviour by large, complex systems, especially in mission-critical domains, is intended to be the catalyst and the aggregation stimulus for the overall event. After a through peer-review process, the CISIS 2012 International Program Committee selected 30 papers which are published in these conference proceedings achieving an acceptance rate of 40%. In the case of ICEUTE 2012, the International Program Committee selected 4 papers which are published in these conference proceedings. The selection of papers was extremely rigorous in order to maintain the high quality of the conference and we would like to thank the members of the Program Committees for their hard work in the reviewing process. This is a crucial process to the creation of a high standard conference and the CISIS and ICEUTE conferences would not exist without their help. 
650 0 |a Engineering. 
650 0 |a Artificial intelligence. 
650 0 |a Computational intelligence. 
650 1 4 |a Engineering. 
650 2 4 |a Computational Intelligence. 
650 2 4 |a Artificial Intelligence (incl. Robotics). 
700 1 |a Herrero, Álvaro.  |e editor. 
700 1 |a Snášel, Václav.  |e editor. 
700 1 |a Abraham, Ajith.  |e editor. 
700 1 |a Zelinka, Ivan.  |e editor. 
700 1 |a Baruque, Bruno.  |e editor. 
700 1 |a Quintián, Héctor.  |e editor. 
700 1 |a Calvo, José Luis.  |e editor. 
700 1 |a Sedano, Javier.  |e editor. 
700 1 |a Corchado, Emilio.  |e editor. 
710 2 |a SpringerLink (Online service) 
773 0 |t Springer eBooks 
776 0 8 |i Printed edition:  |z 9783642330179 
830 0 |a Advances in Intelligent Systems and Computing,  |x 2194-5357 ;  |v 189 
856 4 0 |u http://dx.doi.org/10.1007/978-3-642-33018-6  |z Full Text via HEAL-Link 
912 |a ZDB-2-ENG 
950 |a Engineering (Springer-11647)